Electron beam vulcanization of elastomers (Record no. 45923)

MARC details
000 -LEADER
fixed length control field 00292nam a2200109Ia 4500
100 ## - MAIN ENTRY--AUTHOR NAME
Personal name Sonnenberg Ann M
245 #0 - TITLE STATEMENT
Title Electron beam vulcanization of elastomers
260 ## - PUBLICATION, DISTRIBUTION, ETC. (IMPRINT)
Name of publisher Kautschuk Gummi Kunststoffe
Year of publication 1994
300 ## - PHYSICAL DESCRIPTION
Number of Pages 864-868
942 ## - ADDED ENTRY ELEMENTS (KOHA)
Koha item type Reprints
Holdings
Withdrawn status Lost status Damaged status Not for loan Home library Current library Date acquired Serial Enumeration / chronology Koha item type
      Reprints RRII Library RRII Library 22/12/2021 Volume 37, Issue 10 Reprints